00962nam a2200265Ia 450000500170000000800410001702000190005808200190007710000280009624500930012425000380021730000270025549000120028258600370029465000320033165100590036365100750042294200120049726400490050933600270055833700330058533800280061804000350064699900150068120220317001200.0160825s2008 mx g 000 0 spa  a9789681659701204aMe864.08bP19l1 aPaz, Octaviod1914-199813aEl laberinto de la soledad ; Postdata ; Vuelta a el laberinto de la soledadcOctavio Paz a3a. ediciónb6a. reimpresión  a351 páginas c17 cm  aPopular aPremio Nobel de Literatura, 1990142LEMBaEnsayos mexicanos  4aMéxico vEnsayos, conferencias etcxHistoria 967316 4aMéxico vEnsayos, conferencias etcxVida social y costumbres 967317 2ddccBK aMéxicobFondo de Cultura Económicac2008 atextobtxt2rdacontent asin mediaciónbn2rdamedia avolumenbnc2rdacarrier aCO-BoRNBPbspaerdacCO-BoRNBP c6171d6171